Arte andrógino: Estilo versus moda en un siglo corto.

Kaydedildi:
Detaylı Bibliyografya
Yazar: Echavarren, Roberto (autor)
Materyal Türü: Kitap
Baskı/Yayın Bilgisi: Buenos Aires, Argentina: Colihue, 1998.
Seri Bilgileri:Puñaladas, Ensayos de punta.
Serie Mayor.
Konular:
Etiketler: Etiketle
Etiket eklenmemiş, İlk siz ekleyin!

MARC

LEADER 00000nam a22000007a 4500
003 CL-VaPUC
005 20250321101938.0
008 250130b1998 ||||| |||| 00| 0 eng d
999 |c 446936  |d 446934 
020 |a 950-581-192-6 
040 |c Pontificia Universidad Católica de Valparaíso 
082 |a Ur864 ECH 1998 
100 |9 895997  |a Echavarren, Roberto  |e autor 
245 |a Arte andrógino:  |b Estilo versus moda en un siglo corto. 
260 |a Buenos Aires, Argentina:  |b Colihue,  |c 1998. 
300 |a 141 páginas. 
490 |a Puñaladas, Ensayos de punta. 
490 |a Serie Mayor. 
500 |a c.1. Instituto Arcos.08-01-2025. 
583 |c 20250130  |k Gabriela Rodríguez Cuevas 
650 0 |9 322531  |a Ensayos uruguayos  |x Moda en la literatura 
650 0 |9 895998  |a Androginia (Psicología)  |x Literatura 
650 0 |9 324000  |a Literatura moderna   |v Historia y crítica 
942 |2 ddc  |c BK  |n 0 
952 |0 0  |1 0  |2 ddc  |4 0  |6 UR_864_000000000000000_ECH_1998  |7 0  |9 600158  |a BIBINC  |b BIBINC  |c GEN  |d 2025-01-30  |e Instituto Arcos  |i 5665112  |o Ur864 ECH 1998  |p 5665112  |r 2025-01-30  |t 1  |w 2025-01-30  |y BK  |k IFP